| 000 | 00796nam a22002057a 4500 | ||
|---|---|---|---|
| 003 | NUST-PNEC | ||
| 005 | 20170116180723.0 | ||
| 008 | 141030b xxu||||| |||| 00| 0 eng d | ||
| 022 | _aB000I7ISDQ | ||
| 040 | _cPNEC | ||
| 082 | _a621.30 KNO | ||
| 100 |
_9870 _aKnowlton, Archer E. |
||
| 245 |
_aStandard handbook for electrical engineers, prepared by a staff of specialists _cArcher E. Knowlton |
||
| 250 | _a9th ed. | ||
| 260 |
_aNew York _bMcGraw-Hill Book Company _cc1957. |
||
| 300 |
_a1 vol (various pagings) _c21 cm. |
||
| 500 | _ahttp://www.amazon.com/Standard-Handbook-Electrical-Engineers-specialists/dp/B000I7ISDQ/ref=sr_1_sc_3?s=books&ie=UTF8&qid=1414642662&sr=1-3-spell&keywords=STANDARD+HANDBOOK+FOR+ELECTRICAL+ENGINEERS+BY+ARCHER+E.+KNWLTON | ||
| 650 | _xEE | ||
| 942 |
_2ddc _cBK |
||
| 999 |
_c61508 _d61508 |
||